Conocer y pensar un país /
Guardado en:
| Autor principal: | |
|---|---|
| Formato: | Texto |
| Etiquetas: |
Agregar Etiqueta
Sin Etiquetas, Sea el primero en etiquetar este registro!
|
MARC
| LEADER | 00000 a a2200000 04500 | ||
|---|---|---|---|
| 001 | 7409 | ||
| 003 | |||
| 040 | |||
| 100 | |a Gutiérrez Saxe, Miguel | ||
| 245 | |a Conocer y pensar un país / |c Miguel Gutiérrez Saxe | ||
| 773 | |g número 12; páginas 42-45 | ||
| 999 | |c 25490 |d 25490 | ||
